000 01202nam a2200277Ia 4500
999 _c51395
_d51395
001 18380
003 GE_BSU
005 20251225195652.0
008 181216s2012||||ge |||||||||||||| ||geo||
020 _a9789941439124
040 _cGE_BSU
041 _ageo
080 _a51(072.3) მ-15
245 _aმათემატიკა :
_bXI კლასი. მასწავლებლის წიგნი /
_cგ. გოგიშვილი, თ. ვეფხვაძე, ი. მებონია, ლ. ქურჩიშვილი; რედ. თ. ვეფხვაძე.
264 _aთბილისი :
_bინტელექტი,
_c2012.
300 _a215 გვ.;
_b29 გვ.
504 _aბიბლ.გვ.214
541 _h6ლ.
653 _aმათემატიკა
653 _aმასწავლებლის წიგნი
700 _aგოგიშვილი, გ.
_eავტორი
_926601
700 _aვეფხვაძე, თ.
_eავტორი
_926602
700 _aმებონია, ი.
_eავტორი
_926603
700 _aქურჩიშვილი, ლ.
_eავტორი
_926604
942 _cBK
_2udc